000 00523nam a2200181Ia 4500
005 20250423100039.0
008 250422s9999 xx 000 0 und d
020 _a9780230024939
050 _aPE 1628.5 .M33/
245 0 _aMacmillan english dictionary for advanced learners
250 _a2nd ed.
260 _aLondon
260 _b Macmillan Publishers Limited
260 _c2007
300 _a1748 p
650 _a English language--Dictionaries, Juvenile. English language--Dictionaries.
942 _cBK
999 _c32126
_d32126